000
00313nam a2200133Ia 4500
008
221030s9999 xx 000 0 und d
041
_a
English
100
_a
-
245
0
_a
Engineering Economics
_c
by -
260
_b
Kirti Publishers
_a
New Delhi
_c
2010
300
_a
180
650
_a
BB Economics
942
_c
BK
999
_c
18789
_d
18789